<?xml version="1.0" encoding="UTF-8"?><?xml-stylesheet type="text/xsl" href="static/style.xsl"?><OAI-PMH xmlns="http://www.openarchives.org/OAI/2.0/" xmlns:xsi="http://www.w3.org/2001/XMLSchema-instance" xsi:schemaLocation="http://www.openarchives.org/OAI/2.0/ http://www.openarchives.org/OAI/2.0/OAI-PMH.xsd"><responseDate>2026-04-27T20:44:40Z</responseDate><request verb="GetRecord" identifier="oai:riubu.ubu.es:10259/10857" metadataPrefix="marc">https://riubu.ubu.es/oai/request</request><GetRecord><record><header><identifier>oai:riubu.ubu.es:10259/10857</identifier><datestamp>2025-09-13T00:05:32Z</datestamp><setSpec>com_10259_2699</setSpec><setSpec>col_10259_2701</setSpec></header><metadata><record xmlns="http://www.loc.gov/MARC21/slim" xmlns:doc="http://www.lyncode.com/xoai" xmlns:xsi="http://www.w3.org/2001/XMLSchema-instance" xmlns:dcterms="http://purl.org/dc/terms/" xsi:schemaLocation="http://www.loc.gov/MARC21/slim http://www.loc.gov/standards/marcxml/schema/MARC21slim.xsd">
<leader>00925njm 22002777a 4500</leader>
<datafield tag="042" ind1=" " ind2=" ">
<subfield code="a">dc</subfield>
</datafield>
<datafield tag="720" ind1=" " ind2=" ">
<subfield code="a">Gutiérrez González, Víctor</subfield>
<subfield code="e">author</subfield>
</datafield>
<datafield tag="260" ind1=" " ind2=" ">
<subfield code="c">2025</subfield>
</datafield>
<datafield tag="520" ind1=" " ind2=" ">
<subfield code="a">La presente tesis evalúa el potencial funcional del producto obtenido de hollejo blanco (wWPP), subproducto de vinificación, desde una perspectiva multidisciplinar, integrando estudios bioquímicos, celulares y tecnológicos. En primer lugar, se caracterizaron sus compuestos bioactivos, destacando polifenoles y lípidos con propiedades antioxidantes, antiinflamatorias y antimicrobianas. Se estudió la capacidad del wWPP para modular la integridad de la barrera intestinal utilizando modelos celulares de Caco-2, demostrando su eficacia para preservar la función de las uniones estrechas frente a condiciones patológicas como la hiperglicemia y la exposición a patógenos como Listeria monocytogenes evaluando vías de transcripción implicadas. Paralelamente, se investigó su efecto neuroprotector en un modelo 3D de células neuronales SH-SY5Y, observándose una regulación transcriptómica favorable relacionada con mecanismos de estrés oxidativo, inflamación y supervivencia celular. En condiciones de hipoxia, el wWPP mostró un efecto neuroprotector significativo, destacando la implicación de las vías de señalización NF-κB/Nrf2. Además, se evaluó su incorporación como ingrediente funcional en matrices alimentarias, concretamente en productos cárnicos de pollo, estudiando cómo distintos sistemas de envasado afectan a la estabilidad del perfil fenólico y a sus propiedades antioxidantes. Los resultados obtenidos avalan el potencial del wWPP como ingrediente funcional, con aplicaciones prometedoras en la mejora de la salud intestinal, la neuroprotección y la formulación de alimentos funcionales. Esta investigación contribuye a la valorización sostenible de subproductos vitivinícolas, en línea con los principios de la economía circular.</subfield>
</datafield>
<datafield tag="024" ind2=" " ind1="8">
<subfield code="a">https://hdl.handle.net/10259/10857</subfield>
</datafield>
<datafield tag="024" ind2=" " ind1="8">
<subfield code="a">10.36443/10259/10857</subfield>
</datafield>
<datafield ind1=" " ind2=" " tag="653">
<subfield code="a">Hollejo de vino blanco</subfield>
</datafield>
<datafield ind1=" " ind2=" " tag="653">
<subfield code="a">Lípidos funcionales</subfield>
</datafield>
<datafield ind1=" " ind2=" " tag="653">
<subfield code="a">Barrera intestinal</subfield>
</datafield>
<datafield ind1=" " ind2=" " tag="653">
<subfield code="a">Neuroprotección</subfield>
</datafield>
<datafield ind1=" " ind2=" " tag="653">
<subfield code="a">Ingrediente funcional</subfield>
</datafield>
<datafield ind1=" " ind2=" " tag="653">
<subfield code="a">White wine pomace</subfield>
</datafield>
<datafield ind1=" " ind2=" " tag="653">
<subfield code="a">Functional-lipids</subfield>
</datafield>
<datafield ind1=" " ind2=" " tag="653">
<subfield code="a">Intestinal barrier</subfield>
</datafield>
<datafield ind1=" " ind2=" " tag="653">
<subfield code="a">Neuroprotection</subfield>
</datafield>
<datafield ind1=" " ind2=" " tag="653">
<subfield code="a">Functional ingredients</subfield>
</datafield>
<datafield tag="245" ind1="0" ind2="0">
<subfield code="a">Effect of white wine pomace product on the integrity of the intestinal barrier, transcriptomic modulation in 3D SH-SY5Y neuronal cells and incorporation as a functional ingredient</subfield>
</datafield>
</record></metadata></record></GetRecord></OAI-PMH>